<?xml version="1.0" encoding="utf-8"?>
<?xml-stylesheet type='text/xsl' href='./oai2.xsl'?>
<OAI-PMH xmlns="http://www.openarchives.org/OAI/2.0/" xmlns:xsi="http://www.w3.org/2001/XMLSchema-instance" xsi:schemaLocation="http://www.openarchives.org/OAI/2.0/ http://www.openarchives.org/OAI/2.0/OAI-PMH.xsd">
  <responseDate>2026-06-07T00:59:32Z</responseDate>
  <request verb="GetRecord" metadataPrefix="marcxml" identifier="record_kuniweb_1472745">https://kulturerbe.niedersachsen.de/oai</request>
  <GetRecord>
    <record>
      <header>
        <identifier>record_kuniweb_1472745</identifier>
        <datestamp>2026-03-31T19:09:18Z</datestamp>
        <setSpec>slg0186</setSpec>
      </header>
      <metadata>
        <marc:record xmlns:marc="http://www.loc.gov/MARC21/slim" xsi:schemaLocation="http://www.loc.gov/MARC21/slim http://www.loc.gov/standards/marcxml/schema/MARC21slim.xsd">
          <marc:leader>12345nrm  22     uu 4500</marc:leader>
          <marc:controlfield tag="001">1472745</marc:controlfield>
          <marc:controlfield tag="003">http://kuniweb.gbv.de</marc:controlfield>
          <marc:controlfield tag="005">2024-08-27T11:49:20</marc:controlfield>
          <marc:controlfield tag="008">|           ||||||||||||||||||||||</marc:controlfield>
          <marc:datafield tag="245" ind1="1" ind2="0">
            <marc:subfield code="a">Tisch mit Perlmosaik: Papagei</marc:subfield>
          </marc:datafield>
          <marc:datafield tag="720" ind1=" " ind2=" ">
            <marc:subfield code="a">Manufaktur van Selow</marc:subfield>
          </marc:datafield>
          <marc:datafield tag="655" ind1=" " ind2="7">
            <marc:subfield code="a">Kunsthandwerk</marc:subfield>
          </marc:datafield>
          <marc:datafield tag="046" ind1=" " ind2=" ">
            <marc:subfield code="k">1765</marc:subfield>
            <marc:subfield code="k">um 1755 - 1767 (Tätigkeit der Manufaktur in Braunschweig)</marc:subfield>
            <marc:subfield code="l">1767</marc:subfield>
          </marc:datafield>
          <marc:datafield tag="260" ind1=" " ind2=" ">
            <marc:subfield code="g">1765</marc:subfield>
            <marc:subfield code="g">1767</marc:subfield>
            <marc:subfield code="g">um 1755 - 1767 (Tätigkeit der Manufaktur in Braunschweig)</marc:subfield>
          </marc:datafield>
          <marc:datafield tag="300" ind1=" " ind2=" ">
            <marc:subfield code="a">Höhe: 60 cm
Breite: 78,5 cm
Tiefe: 55 cm</marc:subfield>
          </marc:datafield>
          <marc:datafield tag="520" ind1=" " ind2=" ">
            <marc:subfield code="a">Ein Tisch mit holzsichtigen, geschweiften Beinen und Zargen und einer querrechteckigen Platte mit umlaufendem, hochstehendem Rand und gerundeten Ecken mit einem Mosaik aus Glasperlen. Im Zentrum sitzt ein grüner Papagei mit gelbem Kopf auf einem grünem Zweig mit Früchten vor weißem Grund. Sein Körper ist nach links gerichtet, der Kopf aber nach rechts gewandt. Gerahmt wird das weiße Mittelfeld von einem ebenfalls weiß-grauen Streifen, dessen Perlen in streng konzentrischen Linien verlegt sind. Der Übergang der beiden Flächen wird durch blaue Rocaillen verdeckt. (SMBS)

Veröffentlicht in:
G. Ehret, „Selow-Tische“, Weltkunst , Hamburg, 1930, Bd. 82. S. 70-71, 2012.

Veröffentlicht in:
H. Graf, „Die Braunschweiger Korallenfabrik des Johann Michael van Selow“, Reihe Braunschweigisches Kunsthandwerk, Bd. 5. Richard Borek Stiftung, Braunschweig, 2023. (S. 173, Nr. 4.5b.)

Veröffentlicht in:
B. Willscheid und A. Flöck, „Exotischer Farbenglanz Braunschweiger Perlentische und andere Corallenwaaren“. Roentgen-Museum Neuwied, Neuwied, 2022. (S. 45, Abb. 4.)</marc:subfield>
          </marc:datafield>
          <marc:datafield tag="500" ind1=" " ind2=" ">
            <marc:subfield code="a">Schenkung

1899</marc:subfield>
          </marc:datafield>
          <marc:datafield tag="650" ind1="1" ind2=" ">
            <marc:subfield code="a">Möbel &gt; Ablage &gt; Tisch</marc:subfield>
          </marc:datafield>
          <marc:datafield tag="650" ind1="1" ind2=" ">
            <marc:subfield code="a">Gebrauchsgegenstand</marc:subfield>
          </marc:datafield>
          <marc:datafield tag="650" ind1="1" ind2=" ">
            <marc:subfield code="a">Tische</marc:subfield>
          </marc:datafield>
          <marc:datafield tag="773" ind1="0" ind2=" ">
            <marc:subfield code="t">Sammlung Kunstgewerbe</marc:subfield>
          </marc:datafield>
          <marc:datafield tag="852" ind1=" " ind2=" ">
            <marc:subfield code="a">Städtisches Museum Braunschweig</marc:subfield>
          </marc:datafield>
          <marc:datafield tag="852" ind1=" " ind2=" ">
            <marc:subfield code="a">Braunschweig</marc:subfield>
          </marc:datafield>
          <marc:datafield tag="" ind1=" " ind2=" ">
            <marc:subfield code="a">Namensnennung - Nicht kommerziell - Keine Bearbeitungen 4.0 International (CC BY-NC-ND 4.0)</marc:subfield>
          </marc:datafield>
        </marc:record>
      </metadata>
    </record>
  </GetRecord>
</OAI-PMH>
